000 00358nam a2200145Ia 4500
008 230312s9999||||xx |||||||||||||| ||und||
020 _a978-0470109496
082 _a005.133
_bZAK-P
100 _aZakas;Nicholas.C
245 0 _aProfessional AJAX
260 _bWiley Publishing
_aUSA
_c2007
300 _a598
650 _aComputer
_vProgramming
942 _cBK
999 _c14031
_d14031